000 00686nam a2200217 a 4500
005 20140412111342.0
008 040114s19uu xx 00 eng d
020 _a0-395-76479-3
050 _aTR(PS E
_bDo65 1992
100 _aChristelow, Eileen
245 _aDon't wake up mama! :
_banother five little monkeys story.
250 _aby Eileen Christelow
260 _aNew York :
_bClarion Books,
_c1992.
300 _a32 p. ; ill.
520 _aFive little monkeys try to bake a cake for their mother's birthday without waking her up.
650 _aMonkeys--Fiction
650 _aCakes--Fiction
650 _aBaking--Fiction
650 _aChildren stories
999 _c105148
_d105148